Science Quiz

Random Science Quiz

Brain and Behaviour Quiz Stats

 Plays Quiz not verified by Sporcle

Score 0/20 Timer 20:00
0 Plays Today
Hint Answer % Correct
????
100%
????
29.1%
????
16.3%
????
3.5%
????
3.5%
????
3.5%
????
3.5%
????
3.5%
????
3.5%
????
3.5%
Hint Answer % Correct
????
3.5%
????
3.5%
????
3.5%
????
3.5%
????
3.5%
????
3.5%
????
3.5%
????
2.3%
????
2.3%
????
2.3%

You're not logged in!

Compare scores with friends on all Sporcle quizzes.
OR
Log In

Show Comments

Extras

Created Feb 26, 2014ReportNominate
Tags:brain, neuroscience, study, test

Top Quizzes Today


Score Distribution

Your Account Isn't Verified!

In order to create a playlist on Sporcle, you need to verify the email address you used during registration. Go to your Sporcle Settings to finish the process.

Report this User

Report this user for behavior that violates our Community Guidelines.

Details: